雅語雅文─東方白台語文選 <錄音帶>

資料類型: Book 圖書   書目號:32376

Leader xxxxxxxxxx
001 __ PCLIS00032376
005 __ 19960123204314.0
008 __                                    chi  
010 0_ |a|b|d
100 __ |a19951103d1995       y0chiy0109    e.
101 0_ |achi.
102 __ |acw.
105 __ |az   z   000yy.
200 1_ |a雅語雅文─東方白台語文選 <錄音帶>|e|f陳德利聲音演出
205 __ |a
210 __ |a台北市|c前衛|d1995.
215 0_ |a5卷錄音帶|c|d
225 2_ |a台語文學叢書|v4.
260 1_ |a1995.
410 _0 |12001 |a台語文學叢書|v4.
681 __ |a855
700 _1 |a|b德利|f1938-|4聲音演出
702 __ |a|b|4
801 _0 |acw|b清大|c19951103.
856 __ |uhttp://www.avanguard.com.tw/|z前衛出版社|2http

詳細館藏 1-5 筆 (共 5 筆)
索 書 號登 錄 號冊次號館別 / 館藏地流通類型狀態加入預約清單電子資源
855 / 8757 5002895 V.1 鄉土教育資源中心 / 鄉土教育資源中心 不可外借 在館   
855 / 8757 5002896 V.2 鄉土教育資源中心 / 鄉土教育資源中心 不可外借 在館   
855 / 8757 5002897 V.3 鄉土教育資源中心 / 鄉土教育資源中心 不可外借 在館   
855 / 8757 5002898 V.4 鄉土教育資源中心 / 鄉土教育資源中心 不可外借 在館   
855 / 8757 5002899 V.5 鄉土教育資源中心 / 鄉土教育資源中心 不可外借 在館   

| 條列資料




目錄查詢 分類查詢 個人資料 圖書薦購 新書查詢 閉館日 排行榜 更多電子資源 Hami書城 線上資料庫 登出

From : 216.73.216.116

  本日流通累計至 14:33:14 借閱 : 7 次 續借 : 0 次 歸還 : 9 次 預約 : 0 次 電子資源 : 0 次


內湖高中圖書館  PCLIS 版本  25.5.0.2